| 000 | 00694nam a2200277Ia 4500 | ||
|---|---|---|---|
| 008 | 170711s9999 xx 000 0 und d | ||
| 020 | _a9781591844723 | ||
| 050 | _a501 | ||
| 050 | _bA664 2010 | ||
| 100 | _aArbesman, Samuel | ||
| 245 | 4 | _aThe half-life of facts : | |
| 245 | _bwhy everything we know has an expiration date / | ||
| 245 | _cby Samuel Arbesman. | ||
| 260 | _aUSA : | ||
| 260 | _bCurrent, | ||
| 260 | _c2010 | ||
| 300 | _aviii, 242 pages : | ||
| 300 | _billustrations ; | ||
| 300 | _c23cm. | ||
| 500 | _aIncludes notes and index. | ||
| 650 | _aEvolution. | ||
| 650 | _aProbabilities. | ||
| 650 | _aScience -- | ||
| 650 | _xPhilosophy. | ||
| 700 | _aTitle. | ||
| 999 |
_c339777 _d339777 |
||